[Event "Zhukovsky Winter op"]
[Site "Zhukovsky"]
[Date "2014.??.??"]
[Round "5"]
[White "Chumurin, Aleksandr"]
[Black "Nekrasov, Evgeniy"]
[Result "0-1"]
[WhiteElo "1961"]
[BlackElo "1832"]
[PlyCount "70"]
[EventDate "2014.11.22"]
[EventType "swiss"]
[EventRounds "9"]
[EventCountry "RUS"]
[SourceTitle "EXT 2016"]
[Source "ChessBase"]
[SourceDate "2015.10.08"]
[SourceVersion "1"]
[SourceVersionDate "2015.10.08"]
[SourceQuality "1"]

1. e4 c5 2. Nf3 Nc6 3. c3 d5 4. Bb5 dxe4 5. Ne5 Bd7 6. Nxd7 Qxd7 7. 0-0 Nf6 8. Na3 a6 9. Ba4 e6 10. Nc4 b5 11. Nb6 Qb7 12. Nxa8 bxa4 13. Qxa4 Qxa8 14. b4 cxb4 15. cxb4 Bxb4 16. Bb2 Bxd2 17. Bxf6 gxf6 18. Rad1 e3 19. fxe3 Bxe3+ 20. Kh1 0-0 21. Qg4+ Kh8 22. Qe4 Bg5 23. h4 f5 24. Qf3 Bf6 25. Rc1 Ne5 26. Qxa8 Rxa8 27. Rc5 Kg7 28. Rb1 Nd3 29. Rc4 a5 30. Rb7 Rd8 31. Rcc7 Ne5 32. Rb1 Rd2 33. a3 Rd3 34. Kg1 Rxa3 35. Rc8 Bxh4 0-1